[Event "AUT-chT2M 0809"]
[Site "Austria"]
[Date "2008.11.29"]
[Round "3.3"]
[White "Spirk, Stefan"]
[Black "Dietmayer Kraeutler, Marco"]
[Result "0-1"]
[WhiteElo "2128"]
[BlackElo "2302"]
[PlyCount "116"]
[EventDate "2008.10.11"]
[EventType "team-tourn"]
[EventRounds "11"]
[EventCountry "AUT"]
[SourceTitle "CBM 127 Extra"]
[Source "ChessBase"]
[SourceDate "2009.01.08"]
[SourceVersion "2"]
[SourceVersionDate "2009.01.28"]
[SourceQuality "1"]
[WhiteTeam "Graz Styria"]
[BlackTeam "Leoben"]
[WhiteTeamCountry "AUT"]
[BlackTeamCountry "AUT"]

1. c4 e6 2. g3 Nf6 3. Bg2 d5 4. Nf3 Nbd7 5. d4 dxc4 6. Qa4 a6 7. Qxc4 b5 8. Qc2 Bb7 9. Bg5 h6 10. Bxf6 Nxf6 11. 0-0 Rc8 12. Rd1 Be4 13. Qc1 Be7 14. Nbd2 Bd5 15. Nb3 0-0 16. Nc5 a5 17. Qc2 Ba8 18. Ne5 Nd5 19. Rac1 Bd6 20. e4 Nb4 21. Qe2 Nxa2 22. Ra1 Bxe5 23. dxe5 Qe7 24. Nd7 Rfd8 25. Qxb5 Nb4 26. Nc5 Nc6 27. Nd3 Rd4 28. Rac1 Rcd8 29. Bf1 Nb4 30. Be2 Bxe4 31. Nxb4 Rxd1+ 32. Rxd1 Rxd1+ 33. Bxd1 Qxb4 34. Qe2 Qd4 35. Bc2 Bxc2 36. Qxc2 Qxe5 37. Qc6 g6 38. b3 Kg7 39. h4 h5 40. Qf3 c5 41. Qd3 Qd4 42. Qc2 Kf6 43. Qc1 Ke7 44. Qe1 a4 45. bxa4 Qxa4 46. Qe5 Qd1+ 47. Kh2 Qd4 48. Qc7+ Kf6 49. f4 c4 50. Kh3 c3 51. Kg2 Qe4+ 52. Kf2 Qd4+ 53. Kg2 Kg7 54. Kf3 Qd3+ 55. Kf2 Qd2+ 56. Kf3 Qe1 57. Qc4 Qd1+ 58. Qe2 c2 0-1

[Event "AUT-chT2M 0708"]
[Site "Austria"]
[Date "2007.11.11"]
[Round "4.6"]
[White "Spirk, Stefan"]
[Black "Loebler, Heimo"]
[Result "1/2-1/2"]
[WhiteElo "2130"]
[BlackElo "2201"]
[PlyCount "20"]
[EventDate "2007.10.13"]
[EventType "team"]
[EventRounds "11"]
[EventCountry "AUT"]
[SourceTitle "EXT 2009"]
[Source "ChessBase"]
[SourceDate "2008.11.26"]
[SourceVersion "1"]
[SourceVersionDate "2008.11.26"]
[SourceQuality "1"]
[WhiteTeam "Trofaiach Niklasdorf"]
[BlackTeam "Graz Austria"]
[WhiteTeamCountry "AUT"]
[BlackTeamCountry "AUT"]

1. c4 Nf6 2. Nf3 g6 3. g3 Bg7 4. Bg2 0-0 5. 0-0 d6 6. Nc3 Nc6 7. d3 e5 8. Rb1 a5 9. a3 Nd4 10. Nd2 h5 1/2-1/2

[Event "AUT-chT2M 0506"]
[Site "Austria"]
[Date "2005.11.05"]
[Round "3.6"]
[White "Toefferl, Heimo"]
[Black "Spirk, Stefan"]
[Result "0-1"]
[WhiteElo "2116"]
[BlackElo "2077"]
[PlyCount "64"]
[EventDate "2005.10.08"]
[EventType "team"]
[EventRounds "11"]
[EventCountry "AUT"]
[SourceTitle "EXT 2006"]
[Source "ChessBase"]
[SourceDate "2005.11.24"]
[SourceVersion "1"]
[SourceVersionDate "2005.11.24"]
[SourceQuality "1"]
[WhiteTeam "Wolfsberg"]
[BlackTeam "Trofaiach Niklasdorf"]
[WhiteTeamCountry "AUT"]
[BlackTeamCountry "AUT"]

1. d4 Nf6 2. c4 c5 3. d5 e6 4. Nc3 exd5 5. cxd5 d6 6. e4 g6 7. f4 Bg7 8. Nf3 0-0 9. Be2 Na6 10. 0-0 Nc7 11. Qc2 Rb8 12. a4 a6 13. a5 b5 14. axb6 Rxb6 15. Bd2 Re8 16. Rfe1 Nxe4 17. Nxe4 Rxb2 18. Qc4 Bg4 19. Rad1 Nb5 20. Nf2 Bxf3 21. Bxf3 Rxd2 22. Nd3 Rxd1 23. Rxd1 Qa5 24. Kf2 Bd4+ 25. Kg3 Qc3 26. Qa4 Re3 27. Nf2 Re1 28. Qxa6 Bxf2+ 29. Kxf2 Qe3+ 30. Kg3 Rxd1 31. Qxb5 Rxd5 32. Qe8+ Qxe8 0-1

[Event "AUT-chT2M 0405"]
[Site "Austria"]
[Date "2004.10.16"]
[Round "1.5"]
[White "Spirk, Stefan"]
[Black "Testor, Sebastian"]
[Result "1/2-1/2"]
[WhiteElo "2124"]
[BlackElo "2182"]
[PlyCount "51"]
[EventDate "2004.10.16"]
[EventType "team-tourn"]
[EventRounds "11"]
[EventCountry "AUT"]
[SourceTitle "EXT 2005"]
[Source "ChessBase"]
[SourceDate "2004.11.15"]
[SourceVersion "1"]
[SourceVersionDate "2004.11.15"]
[SourceQuality "1"]
[WhiteTeam "Trofaiach Niklasdorf"]
[BlackTeam "Sauwald"]
[WhiteTeamCountry "AUT"]
[BlackTeamCountry "AUT"]

1. c4 Nf6 2. Nf3 e6 3. g3 d5 4. Bg2 Be7 5. 0-0 0-0 6. b3 c5 7. cxd5 Nxd5 8. Bb2 Nc6 9. Na3 b6 10. Nc4 Bb7 11. Rc1 Rc8 12. d4 cxd4 13. Nxd4 Nxd4 14. Qxd4 Bf6 15. Ne5 Rxc1 16. Rxc1 Qa8 17. Qe4 Nc3 18. Qe3 Bxg2 19. Bxc3 Bh3 20. f3 Qd5 21. Nd3 Bg5 22. Nf4 Qf5 23. Rd1 f6 24. Qd4 Bxf4 25. Qxf4 Qxf4 26. gxf4 1/2-1/2

[Event "Graz op-A"]
[Site "Graz"]
[Date "2004.09.12"]
[Round "9"]
[White "Schachinger, Mario"]
[Black "Spirk, Stefan"]
[Result "1/2-1/2"]
[WhiteElo "2079"]
[BlackElo "2124"]
[PlyCount "34"]
[EventDate "2004.09.04"]
[EventType "swiss"]
[EventRounds "9"]
[EventCountry "AUT"]
[SourceTitle "EXT 2006"]
[Source "ChessBase"]
[SourceDate "2005.11.24"]
[SourceVersion "1"]
[SourceVersionDate "2005.11.24"]
[SourceQuality "1"]

1. e4 e6 2. d4 d5 3. Nd2 Nf6 4. e5 Nfd7 5. Ndf3 c5 6. c3 b6 7. g3 Nc6 8. Ne2 Ba6 9. Bh3 Rc8 10. Be3 Bxe2 11. Qxe2 cxd4 12. Bxd4 Bc5 13. 0-0 Bxd4 14. cxd4 Qe7 15. Rac1 0-0 16. Rc3 Ndb8 17. Rfc1 Qb7 1/2-1/2

[Event "Graz op-A"]
[Site "Graz"]
[Date "2004.09.06"]
[Round "3"]
[White "Spirk, Stefan"]
[Black "Cojhter, Karl"]
[Result "1-0"]
[WhiteElo "2124"]
[BlackElo "2137"]
[PlyCount "73"]
[EventDate "2004.09.04"]
[EventType "swiss"]
[EventRounds "9"]
[EventCountry "AUT"]
[SourceTitle "EXT 2006"]
[Source "ChessBase"]
[SourceDate "2005.11.24"]
[SourceVersion "1"]
[SourceVersionDate "2005.11.24"]
[SourceQuality "1"]

1. c4 e6 2. g3 Nf6 3. Bg2 c5 4. Nf3 Nc6 5. Nc3 d6 6. d4 cxd4 7. Nxd4 Bd7 8. 0-0 a6 9. b3 Be7 10. e4 0-0 11. Be3 Qb8 12. f4 Rc8 13. Rc1 Bd8 14. Nxc6 Bxc6 15. f5 b5 16. fxe6 fxe6 17. Bh3 Bd7 18. e5 Bb6 19. c5 Rxc5 20. exf6 gxf6 21. Bxc5 Bxc5+ 22. Kh1 f5 23. Bg2 Ra7 24. Qd2 Be8 25. Qh6 Bg6 26. g4 Rg7 27. gxf5 Bxf5 28. Rxf5 exf5 29. Bd5+ Kh8 30. Qf6 Be3 31. Re1 f4 32. Nd1 Qe8 33. Nxe3 fxe3 34. Rxe3 Qc8 35. Re1 h5 36. Rg1 Qc7 37. Qf8+ 1-0

[Event "Graz op-A"]
[Site "Graz"]
[Date "2004.09.05"]
[Round "2"]
[White "Schwarhofer, Christopher"]
[Black "Spirk, Stefan"]
[Result "1/2-1/2"]
[WhiteElo "2029"]
[BlackElo "2124"]
[PlyCount "35"]
[EventDate "2004.09.04"]
[EventType "swiss"]
[EventRounds "9"]
[EventCountry "AUT"]
[SourceTitle "EXT 2006"]
[Source "ChessBase"]
[SourceDate "2005.11.24"]
[SourceVersion "1"]
[SourceVersionDate "2005.11.24"]
[SourceQuality "1"]

1. e4 e6 2. d4 d5 3. Nd2 Nf6 4. e5 Nfd7 5. f4 c5 6. c3 cxd4 7. cxd4 Nc6 8. Ndf3 Qb6 9. Ne2 f6 10. g3 Bb4+ 11. Nc3 fxe5 12. fxe5 0-0 13. Bf4 g5 14. Nxg5 Qxd4 15. Qxd4 Nxd4 16. 0-0-0 h6 17. Rxd4 Bxc3 18. bxc3 1/2-1/2

[Event "AUT-chT2M 0203"]
[Site "Austria"]
[Date "2002.10.11"]
[Round "6"]
[White "Spirk, Stefan"]
[Black "Hoebarth, Guenter"]
[Result "1-0"]
[WhiteElo "2134"]
[BlackElo "2146"]
[PlyCount "99"]
[EventDate "2002.10.11"]
[EventType "team"]
[EventRounds "11"]
[EventCountry "AUT"]
[SourceTitle "EXT 2004"]
[Source "ChessBase"]
[SourceDate "2003.11.25"]
[SourceVersion "1"]
[SourceVersionDate "2003.11.25"]
[SourceQuality "1"]

1. c4 d6 2. Nc3 e5 3. g3 c6 4. Bg2 Nf6 5. Nf3 Be7 6. 0-0 0-0 7. d3 Nbd7 8. Nd2 Nh5 9. Rb1 f5 10. e3 Qe8 11. b4 Ndf6 12. b5 Bd7 13. Ba3 g5 14. bxc6 bxc6 15. Rb7 g4 16. f4 gxf3 17. Bxf3 Ng7 18. Qa4 f4 19. exf4 exf4 20. Nde4 Ng4 21. Bxg4 Bxg4 22. Rxe7 Qxe7 23. Bxd6 Qd7 24. Rxf4 Rxf4 25. gxf4 Kh8 26. c5 Bf3 27. Qd4 Qh3 28. Kf2 Qg2+ 29. Ke3 Qg1+ 30. Nf2 Bh5 31. f5 Re8+ 32. Kd2 Qe1+ 33. Kc2 Re2+ 34. Nxe2 Qxe2+ 35. Kb3 Bf7+ 36. Kc3 Qxa2 37. Be5 Qa1+ 38. Kd2 Qxd4 39. Bxd4 Kg8 40. Bxg7 Kxg7 41. Ne4 a5 42. Kc2 a4 43. Kb2 Bb3 44. d4 Bd1 45. d5 Bf3 46. d6 Kf8 47. Ng5 Bg4 48. Nxh7+ Kf7 49. Ng5+ Ke8 50. f6 1-0

[Event "AUT-chT2S 0102"]
[Site "Austria"]
[Date "2002.03.16"]
[Round "10.5"]
[White "Spirk, Stefan"]
[Black "Schein, Karl Heinz"]
[Result "1/2-1/2"]
[WhiteElo "2080"]
[BlackElo "2224"]
[PlyCount "113"]
[EventDate "2001.11.10"]
[EventType "team"]
[EventRounds "11"]
[EventCountry "AUT"]
[SourceTitle "EXT 2003"]
[Source "ChessBase"]
[SourceDate "2002.11.25"]
[SourceVersion "1"]
[SourceVersionDate "2002.11.25"]
[SourceQuality "1"]

1. c4 e5 2. Nc3 Nf6 3. g3 Nc6 4. Bg2 Bb4 5. Nd5 Bc5 6. e3 0-0 7. a3 a5 8. Ne2 d6 9. Nec3 Nxd5 10. cxd5 Ne7 11. 0-0 Bf5 12. d4 exd4 13. exd4 Bb6 14. Be3 Qd7 15. Re1 Rfe8 16. Qa4 Qc8 17. Rac1 Bh3 18. Bf3 Bg4 19. Qd1 Bxf3 20. Qxf3 a4 21. g4 Qd7 22. Rc2 f5 23. g5 Ng6 24. Rce2 Rf8 25. Qh3 Qf7 26. f4 Ba5 27. Bd2 Bxc3 28. Qxc3 Qxd5 29. Kf2 Qc6 30. Qe3 Rf7 31. Qd3 Qd5 32. Qc3 b5 33. Kg3 Qc4 34. Qf3 Rd8 35. d5 Kf8 36. Qh5 Qd3+ 37. Re3 Qc4 38. Re6 Kg8 39. Qf3 Nf8 40. Re8 Rxe8 41. Rxe8 c6 42. dxc6 Rc7 43. Qe3 Qxc6 44. Qe6+ Rf7 45. Bb4 Qd7 46. Qxd7 Rxd7 47. Rb8 Kf7 48. Rxb5 g6 49. Ra5 Ne6 50. Rxa4 Nd4 51. Kf2 Ke6 52. Bc3 Nb3 53. Ke3 Kd5 54. Bf6 Rb7 55. Ra8 Nc5 56. b4 Ne4 57. Bd4 1/2-1/2

[Event "Graz op"]
[Site "Graz"]
[Date "2002.??.??"]
[Round "5"]
[White "Huber, Adolf"]
[Black "Spirk, Stefan"]
[Result "0-1"]
[WhiteElo "2047"]
[BlackElo "2080"]
[PlyCount "64"]
[EventDate "2002.??.??"]
[EventType "swiss"]
[EventRounds "9"]
[EventCountry "AUT"]
[SourceTitle "EXT 2003"]
[Source "ChessBase"]
[SourceDate "2002.11.25"]
[SourceVersion "1"]
[SourceVersionDate "2002.11.25"]
[SourceQuality "1"]

1. e4 e6 2. d4 d5 3. Nc3 Bb4 4. e5 c5 5. a3 Bxc3+ 6. bxc3 Ne7 7. Nf3 b6 8. Bd3 Ba6 9. 0-0 h6 10. h3 Bxd3 11. Qxd3 0-0 12. a4 Nd7 13. Ba3 Qc7 14. Rfe1 Rfc8 15. Re2 Nc6 16. c4 dxc4 17. Qxc4 cxd4 18. Bd6 Qb7 19. Qd3 Nc5 20. Qa3 Qa6 21. Rd2 Qc4 22. a5 Ne4 23. axb6 axb6 24. Qxa8 Rxa8 25. Rxa8+ Kh7 26. Rd1 Qxc2 27. Rf1 d3 28. Rc8 d2 29. Nd4 d1Q 30. Nxc2 Qxc2 31. Ba3 Nc3 32. f4 Nd4 0-1

[Event "Graz op"]
[Site "Graz"]
[Date "2002.??.??"]
[Round "1"]
[White "Postl, Anton"]
[Black "Spirk, Stefan"]
[Result "1-0"]
[WhiteElo "2283"]
[BlackElo "2080"]
[PlyCount "69"]
[EventDate "2002.??.??"]
[EventType "swiss"]
[EventRounds "9"]
[EventCountry "AUT"]
[SourceTitle "EXT 2003"]
[Source "ChessBase"]
[SourceDate "2002.11.25"]
[SourceVersion "1"]
[SourceVersionDate "2002.11.25"]
[SourceQuality "1"]

1. Nf3 Nf6 2. g3 c5 3. Bg2 Nc6 4. 0-0 d5 5. c4 e5 6. cxd5 Nxd5 7. Nc3 Nc7 8. d3 Rb8 9. Be3 Bd7 10. Nd2 Be7 11. Nc4 f6 12. Ne4 Ne6 13. Ncd6+ Bxd6 14. Nxd6+ Ke7 15. Ne4 b6 16. a3 Ncd4 17. b4 cxb4 18. axb4 a5 19. bxa5 bxa5 20. Bc1 g6 21. e3 Nb3 22. Ba3+ Kf7 23. Rb1 a4 24. d4 exd4 25. exd4 Nbxd4 26. Nd6+ Kg7 27. Nb7 Qc8 28. Rc1 Qe8 29. Re1 Rc8 30. Nd6 Qd8 31. Nxc8 Bxc8 32. Qxa4 Re8 33. Rcd1 Bd7 34. Qa7 Kg8 35. Rxe6 1-0

[Event "Graz op"]
[Site "Graz"]
[Date "2002.??.??"]
[Round "4"]
[White "Spirk, Stefan"]
[Black "Matosec, Thomas"]
[Result "1/2-1/2"]
[WhiteElo "2080"]
[BlackElo "2004"]
[PlyCount "119"]
[EventDate "2002.??.??"]
[EventType "swiss"]
[EventRounds "9"]
[EventCountry "AUT"]
[SourceTitle "EXT 2003"]
[Source "ChessBase"]
[SourceDate "2002.11.25"]
[SourceVersion "1"]
[SourceVersionDate "2002.11.25"]
[SourceQuality "1"]

1. c4 e5 2. Nc3 d6 3. g3 f5 4. e3 Nf6 5. Bg2 g6 6. Nge2 Bg7 7. d4 0-0 8. 0-0 e4 9. f3 exf3 10. Bxf3 Re8 11. Nf4 c6 12. Bd2 Na6 13. a3 Nc7 14. d5 c5 15. Re1 Ne4 16. Qc2 Nxd2 17. Qxd2 Rb8 18. Rab1 b5 19. Nxb5 Nxb5 20. cxb5 Rxb5 21. Ne6 Bxe6 22. dxe6 Qb6 23. Qd5 Kf8 24. Red1 Be5 25. b3 c4 26. Qc6 c3 27. Qxb6 Rxb6 28. Rdc1 Rc8 29. Rc2 Ke7 30. Bd5 Rc5 31. Rd1 Rxd5 32. Rxd5 Rxb3 33. Ra5 Rb7 34. Kf2 Kxe6 35. Ke2 h5 36. Kd3 Rc7 37. Ra4 Kf6 38. Rc4 Rb7 39. Ra4 Kg5 40. Rxc3 Bxc3 41. Kxc3 Rc7+ 42. Kd3 Kf6 43. Ra6 Ke5 44. Ra5+ Ke6 45. e4 fxe4+ 46. Kxe4 Kf6 47. Kf4 Rd7 48. h4 d5 49. Ra6+ Kf7 50. Ke3 d4+ 51. Kd3 Kg7 52. a4 Kf7 53. a5 Kg7 54. Re6 Kf7 55. Rc6 Kg7 56. Rc4 Kf6 57. Rxd4 Rxd4+ 58. Kxd4 Kf5 59. Ke3 Kg4 60. Kf2 1/2-1/2

[Event "Graz op"]
[Site "Graz"]
[Date "2001.??.??"]
[Round "2"]
[White "Spirk, Stefan"]
[Black "Rogulj, Branko"]
[Result "0-1"]
[WhiteElo "2080"]
[BlackElo "2460"]
[PlyCount "46"]
[EventDate "2001.09.??"]
[EventType "swiss"]
[EventRounds "9"]
[EventCountry "AUT"]
[SourceTitle "EXT 2002"]
[Source "ChessBase"]
[SourceDate "2001.11.25"]
[SourceVersion "1"]
[SourceVersionDate "2001.11.25"]
[SourceQuality "1"]

1. c4 Nf6 2. Nf3 c6 3. g3 d5 4. Bg2 g6 5. b4 Bg7 6. Bb2 Qb6 7. Qb3 dxc4 8. Qxc4 Na6 9. Bc3 Be6 10. Qh4 Rd8 11. 0-0 h6 12. Na3 g5 13. Nxg5 hxg5 14. Qxg5 Kf8 15. Nc2 Nc7 16. Qc5 Nb5 17. Qxb6 axb6 18. Rfd1 Bc4 19. a4 Nxc3 20. dxc3 Rxd1+ 21. Rxd1 e6 22. b5 Nd5 23. bxc6 bxc6 0-1

[Event "Graz op"]
[Site "Graz"]
[Date "2001.??.??"]
[Round "1"]
[White "Titz, Heimo"]
[Black "Spirk, Stefan"]
[Result "0-1"]
[WhiteElo "2282"]
[BlackElo "2080"]
[PlyCount "140"]
[EventDate "2001.09.??"]
[EventType "swiss"]
[EventRounds "9"]
[EventCountry "AUT"]
[SourceTitle "EXT 2002"]
[Source "ChessBase"]
[SourceDate "2001.11.25"]
[SourceVersion "1"]
[SourceVersionDate "2001.11.25"]
[SourceQuality "1"]

1. c4 Nf6 2. Nc3 d5 3. cxd5 Nxd5 4. g3 c5 5. Bg2 Nc7 6. Qb3 Nc6 7. Bxc6+ bxc6 8. Qa4 Qd7 9. Nf3 f6 10. d3 e5 11. Be3 Nd5 12. 0-0 Be7 13. Rac1 Nxe3 14. fxe3 0-0 15. Qc4+ Qe6 16. Qxe6+ Bxe6 17. b3 c4 18. bxc4 Bc5 19. Kf2 Rab8 20. Rb1 Bb4 21. Rb3 Bxc3 22. Rxc3 Rb2 23. Ra1 Rfb8 24. Rb3 e4 25. Rxb8+ Rxb8 26. Nd4 Bd7 27. Nb3 Bf5 28. Nd4 Bd7 29. Rc1 Rb2 30. Rc2 Rxc2 31. Nxc2 Bf5 32. d4 Be6 33. c5 a5 34. a3 g5 35. h4 Kg7 36. Kg2 Kg6 37. d5 Bxd5 38. Nd4 Kf7 39. Kh3 Be6+ 40. Kg2 Bd5 41. h5 Ke7 42. Kf2 Kd7 43. Ke1 Bf7 44. h6 Bd5 45. Kd2 Ke7 46. Kc3 g4 47. Nf5+ Ke6 48. Nh4 Ke5 49. Ng6+ Kf5 50. Nf8 Bg8 51. Kd4 a4 52. Kc3 Kg5 53. Kd4 Kxh6 54. Kxe4 Kg5 55. Kd4 h5 56. e4 h4 57. gxh4+ Kxh4 58. Ng6+ Kg5 59. Ne7 Kf4 60. Ng6+ Kg3 61. Ke3 Kh2 62. Nf4 g3 63. Kf3 Be6 64. e3 Bh3 65. Ne2 g2 66. Kf4 Be6 67. e5 fxe5+ 68. Kxe5 Bc4 69. Nd4 Kh1 70. Nf3 Be2 0-1

[Event "AUT-chT2S 0001"]
[Site "Austria"]
[Date "2000.11.05"]
[Round "4"]
[White "Spirk, Stefan"]
[Black "Poeltl, Thomas"]
[Result "1/2-1/2"]
[WhiteElo "2171"]
[BlackElo "2226"]
[PlyCount "83"]
[EventDate "2000.??.??"]
[EventType "team"]
[EventRounds "11"]
[EventCountry "AUT"]
[SourceTitle "EXT 2002"]
[Source "ChessBase"]
[SourceDate "2001.11.25"]
[SourceVersion "1"]
[SourceVersionDate "2001.11.25"]
[SourceQuality "1"]

1. d4 Nf6 2. Nf3 e6 3. g3 d5 4. Bg2 Bd6 5. 0-0 0-0 6. c4 c6 7. Nbd2 Nbd7 8. Qc2 Re8 9. Rb1 e5 10. dxe5 Nxe5 11. Nxe5 Bxe5 12. Nf3 Qe7 13. cxd5 cxd5 14. Be3 Ng4 15. Bd4 Bxd4 16. Nxd4 Qe5 17. Qd2 Qh5 18. h3 Ne5 19. g4 Qh4 20. Nf3 Nxf3+ 21. exf3 Be6 22. Qd4 b6 23. Rbc1 Rac8 24. b3 g6 25. Rfd1 Qe7 26. f4 Rc5 27. Re1 Rec8 28. Qd2 Qc7 29. Rxc5 Qxc5 30. f5 gxf5 31. Qg5+ Kh8 32. gxf5 Qc3 33. Re3 Qa1+ 34. Kh2 Rg8 35. Qh5 Qg7 36. Rg3 Qe5 37. Qf3 Bxf5 38. Qxd5 Qxd5 39. Bxd5 Be6 40. Rxg8+ Kxg8 41. Be4 h6 42. h4 1/2-1/2

[Event "AUT-chT2S 9900"]
[Site "Austria"]
[Date "1999.11.20"]
[Round "3.4"]
[White "Spirk, Stefan"]
[Black "Wegerer, Fred"]
[Result "1/2-1/2"]
[WhiteElo "2251"]
[BlackElo "2196"]
[PlyCount "200"]
[EventDate "1999.10.??"]
[EventType "team"]
[EventRounds "11"]
[EventCountry "AUT"]
[SourceTitle "EXT 2002"]
[Source "ChessBase"]
[SourceDate "2001.11.25"]
[SourceVersion "1"]
[SourceVersionDate "2001.11.25"]
[SourceQuality "1"]

1. c4 e6 2. g3 d5 3. Bg2 Nf6 4. Nf3 Nbd7 5. 0-0 Bd6 6. cxd5 exd5 7. Nc3 0-0 8. d3 c6 9. Re1 Re8 10. Bg5 h6 11. Bxf6 Nxf6 12. Qc2 Bg4 13. h3 Bh5 14. Rab1 a5 15. a3 Qb6 16. Kf1 Bg6 17. Nd2 Nh5 18. e3 Bxg3 19. Kg1 Bb8 20. Nf1 Qa6 21. Rbd1 Ba7 22. Ne2 Rad8 23. Qd2 Rd6 24. Neg3 Nxg3 25. Nxg3 Rde6 26. d4 Qb6 27. b4 axb4 28. Qxb4 Qxb4 29. axb4 Bb8 30. Nf1 Bd6 31. Ra1 Bxb4 32. Reb1 Bc3 33. Ra3 Bxb1 34. Rxc3 Be4 35. Bxe4 Rxe4 36. Nd2 R4e6 37. Nb3 Rg6+ 38. Kf1 Ra8 39. Rc2 b5 40. Ke2 Kf8 41. Nc5 Ke7 42. Nd3 Re6 43. Nb4 Kd7 44. Nd3 f6 45. Nc5+ Kd6 46. Nxe6 Kxe6 47. Rxc6+ Kd7 48. Rc5 Ra2+ 49. Kf3 b4 50. Rxd5+ Kc6 51. Rc5+ Kb6 52. Rc8 Kb5 53. d5 b3 54. Rb8+ Kc4 55. d6 Rd2 56. Rb6 b2 57. d7 Kc3 58. Rc6+ Kb3 59. Rb6+ Kc2 60. Rc6+ Kd1 61. Rb6 Kc1 62. Rc6+ Kb1 63. Rc7 g5 64. Kg4 Rd6 65. e4 Ka2 66. Ra7+ Kb3 67. Rb7+ Kc2 68. Rc7+ Kd3 69. Rb7 Kxe4 70. Rxb2 f5+ 71. Kg3 Rd3+ 72. Kg2 Rxd7 73. Rb6 h5 74. Rh6 h4 75. Re6+ Kf4 76. Rh6 Rd3 77. Rh8 Rd5 78. Rh5 Re5 79. Rh8 Ke4 80. Ra8 Rd5 81. Re8+ Kf4 82. Rh8 Rd2 83. Rh7 Rd5 84. Rh8 Ke4 85. Re8+ Re5 86. Ra8 f4 87. Ra4+ Kf5 88. Kf3 Rb5 89. Ra3 g4+ 90. hxg4+ Kg5 91. Kg2 Kxg4 92. f3+ Kg5 93. Kh3 Re5 94. Rb3 Kh5 95. Rb4 Kg5 96. Rb3 Rd5 97. Ra3 Rc5 98. Rb3 Kh5 99. Rb4 Kg5 100. Rb3 Rf5 1/2-1/2

[Event "AUT-chT2S 9900"]
[Site "Austria"]
[Date "1999.10.10"]
[Round "2.4"]
[White "Mahdy, Khaled"]
[Black "Spirk, Stefan"]
[Result "1-0"]
[WhiteElo "2332"]
[BlackElo "2251"]
[PlyCount "41"]
[EventDate "1999.10.??"]
[EventType "team"]
[EventRounds "11"]
[EventCountry "AUT"]
[SourceTitle "EXT 2002"]
[Source "ChessBase"]
[SourceDate "2001.11.25"]
[SourceVersion "1"]
[SourceVersionDate "2001.11.25"]
[SourceQuality "1"]

1. e4 e6 2. Nf3 d5 3. e5 c5 4. b4 cxb4 5. a3 Nc6 6. axb4 Bxb4 7. c3 Be7 8. d4 Nh6 9. Bd3 Nf5 10. 0-0 h5 11. Ne1 g5 12. Nc2 Bd7 13. Ne3 Bf8 14. Nd2 Nfxd4 15. cxd4 Nxd4 16. Bb2 Nc6 17. Nxd5 Bg7 18. Nf6+ Bxf6 19. exf6 Qc7 20. Nc4 Qf4 21. Ba3 1-0

[Event "Feffernitz Raika op 08th"]
[Site "Feffernitz"]
[Date "1999.08.17"]
[Round "3.14"]
[White "Nussbaumer, Florian"]
[Black "Spirk, Stefan"]
[Result "0-1"]
[WhiteElo "1862"]
[BlackElo "2251"]
[PlyCount "82"]
[EventDate "1999.08.??"]
[EventType "swiss"]
[EventRounds "9"]
[EventCountry "AUT"]
[SourceTitle "EXT 2004"]
[Source "ChessBase"]
[SourceDate "2003.11.25"]
[SourceVersion "1"]
[SourceVersionDate "2003.11.25"]
[SourceQuality "1"]

1. e4 e6 2. d4 d5 3. Nc3 Bb4 4. e5 c5 5. a3 Bxc3+ 6. bxc3 Ne7 7. Nf3 b6 8. Bg5 Ba6 9. Bxa6 Nxa6 10. Qd3 c4 11. Qd2 h6 12. Bxe7 Qxe7 13. Qc1 Nb8 14. Qb2 Nc6 15. Qc1 Qd7 16. Qe3 b5 17. 0-0 Rb8 18. Rfb1 0-0 19. h3 Rb7 20. Qc1 a5 21. Rb2 Rfb8 22. Kh2 Qc7 23. Kg1 Qe7 24. Rba2 Kh7 25. Kh2 Rb6 26. Kg1 Qb7 27. Kf1 Ra8 28. Ke2 Re8 29. Kf1 Rb8 30. Ke2 Ra8 31. Ke1 Raa6 32. Ke2 b4 33. axb4 axb4 34. Rxa6 Rxa6 35. Rxa6 Qxa6 36. cxb4 c3+ 37. Ke1 Nxb4 38. Qb1 Qa4 39. Kd1 Nd3 40. Ke2 Nf4+ 41. Kf1 Qc4+ 0-1